| 000 | 00530nam a2200193 i 4500 | ||
|---|---|---|---|
| 001 | 28817 | ||
| 003 | ES-MaACL | ||
| 005 | 20230906153932.0 | ||
| 007 | t| | ||
| 008 | 030120s1985 sp ||||1| spa d | ||
| 020 | _a84-344-0121-5 | ||
| 100 | 1 |
_aBarbancho, Alfonso G. _925380 |
|
| 245 | 1 | 0 |
_aEstadística elemental moderna / _cpor Alfonso G. Barbancho. |
| 250 | _a4ª ed., corr. y aum. | ||
| 260 |
_aBarcelona : _bAriel, _c1985. |
||
| 300 |
_a429 p. ; _c23 cm. |
||
| 650 | 0 | 4 |
_aEstadística. _912520 |
| 852 |
_aES-MaACL _jL-9096 |
||
| 999 |
_c28817 _d28817 |
||